| 000 | 00840nam a2200265Ia 4500 | ||
|---|---|---|---|
| 001 | 21807 | ||
| 005 | 20260320113314.0 | ||
| 008 | 260320s9999||||xx |||||||||||||| ||und|| | ||
| 020 | _a9786124496219 | ||
| 041 | _aESP | ||
| 082 |
_a869.56038 _bR68 |
||
| 100 |
_aRiva-Agüero, José de la, _eAUT |
||
| 245 | 0 |
_aPaisajes peruanos _b |
|
| 246 |
_a _5 _b |
||
| 250 | _aPrimera edición | ||
| 260 |
_aLima : _bPontificia Universidad Católica del Perú. Instituto Riva-Agüero, _c2024 |
||
| 300 |
_a470 páginas : _bilustraciones ; _c23 cm. _e |
||
| 440 |
_a _n _v |
||
| 650 | _aLYR | ||
| 653 | _aLiteratura peruana | ||
| 654 | _aCHU | ||
| 700 |
_aWiesse Rebagliati, Jorge, _cEDT |
||
| 856 |
_uhttps://research-ebsco-com.ucsp.lookproxy.com/plink/3423fbbb-1a16-3238-9d51-eec1e50507f7 _zVersión digital (2022) |
||
| 942 |
_cLIB _dJUS _fMAT _2ddc _n |
||
| 999 |
_c21807 _d21807 |
||